000 00386nam a22001697a 4500
003 OSt
005 20240318112403.0
008 171031b xxu||||| |||| 00| 0 eng d
020 _a978-9381246740
040 _cSEROSOFT
100 _aDR SHARMA, K
245 _aADVANCE BAL VIKAS
250 _a1ED
260 _aSTAR PUBLICATION
_c2017
300 _a1ED
_b264
942 _2ddc
_c01
_e1ED
999 _c40823
_d40823